000 01314nam a22003257a 4500
001 BR8400587
003 BR-BrBNA
005 20230928091846.0
007 ta
008 230509b bl.||||| |||| 00| 0 por d
040 _aBR-BrBNA
_bpor
_cBiblioteca Nacional de Agricultura
041 _a(Por)
072 _aF00; P05
_b0337
_b0334
_b1540
_b0240
_b0220
090 _ 0337 BR8400587
110 1 _aInstituto de Pesquisas Agronomicas, Porto Alegre, RS (Brasil)
_96134
111 1 _a1. Reuniao Tecnica Anual de Culturas Energeticas do IPAGRO
_cPorto Alegre, RS (Brazil)
_d26 Apr 1983
245 1 _aCulturas energeticas (girassol, colza, mandioca, sorgo sacarino, beterraba acucareira)[Helianthus annuus, Brassica napus, Manihot esculenta, Sorghum sacarino, Beta vulgaris]
_bResultados experimentais 1982/83
246 1 _a[Energetic crops (sunflower, rape, cassava, saccharine sorghum, sugar beetroot [Helianthus annuus, Brassica napus, Manihot esculenta, saccharine sorghum, Beta vulgaris]]
260 3 _aPorto Alegre, RS (Brasil):
_c1983.
300 _a190 p.
650 _aGIRASSOL
650 _aCOLZA
650 _aMANDIOCA
650 _aSORGO ACUCAREIRO
650 _aCULTURA ENERGETICA
650 _aBETERRABA ACUCAREIRA
650 _aENERGIA
909 _a202309
_bLucia
_c55
_dLucia Elande
942 _cBK
999 _c35922
_d35922